Slovak Consumer Perception and Behaviour in the Choice of Healthy Non-Alcoholic Beverages: A Preliminary Study

Hlavným cieľom tejto práce je preskúmať, ako spotrebitelia na Slovensku vnímajú zdravé nealkoholické nápoje a ako toto vnímanie ovplyvňuje ich nákupné správanie. Výskum sa zameriava na niekoľko faktorov, ktoré môžu ovplyvniť spotrebiteľské rozhodnutia, vrátane chuti, zloženia, vnímaných zdravotných...

Description complète

Enregistré dans:
Détails bibliographiques
Auteur principal: Lenická, Barbara, 2000-
Autres auteurs: Jarossová, Malgorzata Agnieszka, 1978-
Format: Chapitre de livre
Langue:anglais
Sujets:
Tags: Ajouter un tag
Pas de tags, Soyez le premier à ajouter un tag!

MARC

LEADER 00000naa a2200000 4500
001 0313848
005 20260108104703.8
041 0 |a eng 
044 |a SK 
245 1 0 |a Slovak Consumer Perception and Behaviour in the Choice of Healthy Non-Alcoholic Beverages: A Preliminary Study  |c Barbara Lenická, Malgorzata Agnieszka Jarossová 
520 |a Hlavným cieľom tejto práce je preskúmať, ako spotrebitelia na Slovensku vnímajú zdravé nealkoholické nápoje a ako toto vnímanie ovplyvňuje ich nákupné správanie. Výskum sa zameriava na niekoľko faktorov, ktoré môžu ovplyvniť spotrebiteľské rozhodnutia, vrátane chuti, zloženia, vnímaných zdravotných benefitov, ceny a ochoty platiť za zdravšie produkty, ako sú organické, bezcukrové, vitamínmi obohatené alebo rastlinné nápoje. Prieskum sa uskutočnil so 155 slovenskými respondentmi vo veku 20 až 40 rokov. Výsledky ukazujú, že chuť a zloženie sú najdôležitejšími kritériami pri výbere zdravých nápojov, zatiaľ čo cena zohráva druhoradú, ale stále relevantnú úlohu. Hoci spotrebitelia majú čoraz väčší záujem o zdravšie nápoje, ich nákupné rozhodnutia sú často ovplyvnené dostupnosťou a preferovanými príchuťami. Štúdia poskytuje užitočné poznatky o tom, ako sa slovenskí spotrebitelia rozhodujú na rastúcom trhu so zdravými nápojmi, a môže pomôcť výrobcom a obchodníkom lepšie zosúladiť svoje produkty s očakávaniami spotrebiteľov. 
610 2 0 |a spotrebitelia 
610 2 0 |a nápoje nealkoholické 
610 2 0 |a správanie 
610 2 0 |a ceny 
610 2 0 |a kvalita 
610 2 0 |a zdravie 
610 2 0 |a produkty 
100 1 |a Lenická, Barbara, 2000- 
700 1 |a Jarossová, Malgorzata Agnieszka, 1978-